000
00254nam a2200097Ia 4500
001
699499
005
20250826162112.0
008
250824s9999 xx 000 0 und d
245
0
_a
YAŞADIĞIM İSTANBUL/S.İLERİ/EVEREST
_c
SELİM İLERİ
260
_b
EVEREST
999
_c
699499
_d
699499